000 00914nas a2200277 4500
001 BR0809151
003 BR-BrBNA
005 20231205112654.0
007 ta
008 230509b bl.|||p| |||| 00| 00por d
040 _aBR-BrBNA
_bpor
_cBiblioteca Nacional de Agricultura
041 _a(Pt)
072 _aL01; L02
100 1 _aSantos, C.H. dos A. dos
100 1 _aLourenço, J.A.
100 1 _aCosta, H.J.M. dos S.
100 1 _aIgarashi, M.A.
245 1 _aAvaliação do ganho de peso de pós-larvas do camarão marinho Litopenaeus vannamei (Boone, 1931), alimentados com peixes da fauna acompanhante do camarão marinho
650 _aDIETA
650 _aGANHO DE PESO
650 _aCAMARÃO
650 _aLARVA
773 0 _tCiência Animal Brasileira (Brazil)
_xISSN 1518-2797
_g(Jan-Mar 2007), v. 8(1) p. 7-15
_wBR0809151
909 _a202311
_bLúcia
_c55
_dLúcia Elande
942 _2AGRIS
_n0
_cANA
999 _c199295
_d199295